000 01009nas a2200301 4500
001 BR2013010536
003 BR-BrBNA
005 20231205123511.0
007 ta
008 230509b bl.|||p| |||| 00| 00por d
040 _aBR-BrBNA
_bpor
_cBiblioteca Nacional de Agricultura
041 _a(Pt)
072 _aF63
100 1 _aGusson, E.
100 1 _aSebbenn, A.M.
100 1 _aKageyama, P.Y.
100 1 _a
245 1 _aSistema de reprodução em populações de Eschweilera ovata (Cambess.)Miers
246 1 _aMating system in Eschweilera ovata (Cambess.)Miers populations
650 _aREPRODUÇÃO VEGETAL
650 _aFISIOLOGIA REPRODUTIVA
650 _aCRUZAMENTO VEGETAL
650 _aFISIOLOGIA REPRODUTIVA
773 0 _tRevista Árvore (Brazil)
_xISSN 0100-6762
_g(Jul-Aug 2006), v. 30(4) p. 491-502
_wBR2013010536
856 4 _uhttp://www.scielo.br/pdf/rarv/v30n4/31669.pdf
_yRecurso eletrônico (PDF)
909 _a202311
_bLúcia
_c55
_dLúcia Elande
942 _2AGRIS
_n0
_cANA
999 _c234218
_d234218